000 00523cam a2200205ua 4500
001 864
008 110421n ii |||gr||||Z||||||asm
020 _a81-237-2560-4
040 _cMAIN
082 _a347.54
245 1 0 _aAmar Nyaypalika
_cby B.R.Agarwala
250 _bTranslated by Gaurishankar Bhattacharya.
260 _aNew Delhi:
_bNBT, India,999.
300 _ax, 178p.:
_c8cm.
653 _aLaw
653 _aCivil procedure and courts
653 _aJudiciary
700 1 _aAgarwala, B.R.,
_eAuthor.
942 _cBK
999 _c787
_d787